000
00201 a2200097 4500
001
14004
100
_a
Shaw Bernard
245
_a
The doctor's dilemna
260
_a
London
_b
_c
090
_c
10962
_d
10962
942
_a
NUST-CAE
_c
M
_c
1072
999
_c
249077
_d
249077